[Event "NED-ch U17"]
[Site "Venlo"]
[Date "2007.05.04"]
[Round "8"]
[White "Modderkolk, Pieter"]
[Black "Mulders, Rinze"]
[Result "0-1"]
[WhiteElo "1568"]
[BlackElo "1767"]
[PlyCount "50"]
[EventDate "2007.04.30"]
[EventType "swiss"]
[EventRounds "9"]
[EventCountry "NED"]
[SourceTitle "EXT 2009"]
[Source "ChessBase"]
[SourceDate "2008.11.26"]
[SourceVersion "1"]
[SourceVersionDate "2008.11.26"]
[SourceQuality "1"]

1. d4 Nf6 2. c4 e5 3. dxe5 Ng4 4. Nf3 Bc5 5. e3 Nc6 6. Nc3 Ngxe5 7. Bd3 d6 8. 0-0 Be6 9. b3 Qf6 10. Nxe5 Nxe5 11. Bb2 0-0-0 12. Ne4 Nf3+ 13. Qxf3 Qxb2 14. Rfb1 Qe5 15. Nxc5 dxc5 16. Be4 c6 17. a4 Rd2 18. a5 Kc7 19. a6 f5 20. Bxf5 Bxf5 21. Rd1 Rhd8 22. Re1 b6 23. Qh5 Qf6 24. e4 Bxe4 25. Rac1 Qxf2+ 0-1

[Event "NED-ch U17"]
[Site "Venlo"]
[Date "2007.05.01"]
[Round "2"]
[White "Ducarmon, Quinten"]
[Black "Modderkolk, Pieter"]
[Result "1-0"]
[WhiteElo "1909"]
[BlackElo "1568"]
[PlyCount "81"]
[EventDate "2007.04.30"]
[EventType "swiss"]
[EventRounds "9"]
[EventCountry "NED"]
[SourceTitle "EXT 2009"]
[Source "ChessBase"]
[SourceDate "2008.11.26"]
[SourceVersion "1"]
[SourceVersionDate "2008.11.26"]
[SourceQuality "1"]

1. e4 c5 2. Nf3 d6 3. d4 cxd4 4. Nxd4 Nf6 5. Nc3 e6 6. Be2 Be7 7. 0-0 0-0 8. Kh1 Nc6 9. f4 a6 10. Be3 Qc7 11. a4 Rd8 12. Bg1 e5 13. Nb3 exf4 14. a5 Qb8 15. Nd5 Be6 16. Rxf4 Kf8 17. Bb6 Rd7 18. Nd4 Ke8 19. Nf5 Ne5 20. Nxg7+ Kf8 21. Nxe6+ fxe6 22. Nxf6 Bxf6 23. Rxf6+ Ke7 24. Rh6 Qg8 25. Qe1 Ng6 26. Qg3 Qg7 27. Qg5+ Kf8 28. Rf1+ Kg8 29. c3 Re8 30. Rf6 Nf8 31. Qxg7+ Kxg7 32. Be3 Ng6 33. Rf1 d5 34. exd5 exd5 35. Rh3 Rde7 36. Bd4+ Kg8 37. Bf3 Rd7 38. Rh5 Red8 39. Bb6 Rf8 40. Bxd5+ Kg7 41. Bd4+ 1-0